000 00894nam a22002897a 4500
001 BR8803270
003 BR-BrBNA
005 20230928092923.0
007 ta
008 230509b bl.||||| |||| 00| 0 por d
040 _aBR-BrBNA
_bpor
_cBiblioteca Nacional de Agricultura
041 _a(Por)
072 _aK10
_b/G514
090 _ K10 BR8803270
100 1 _aMendonca Filho, W.F. de (ed.)
110 1 _aInstituto Brasileiro de Desenvolvimento Florestal, Brasilia, DF (Brasil). Depto. de Economia Florestal
_95731
245 1 _aInventario florestal nacional reflorestamento - Rio de Janeiro, Espirito Santo
260 3 _aBrasilia, DF (Brasil):
_c1983.
300 _a108 p.
500 _a25 tables
650 _aINVENTARIO FLORESTAL
650 _aREFLORESTAMENTO
650 _aRIO DE JANEIRO
650 _aESPIRITO SANTO
909 _a202309
_bLucia
_c55
_dLucia Elande
942 _cBK
999 _c41996
_d41996